LEADER 00796nam0-22002891i-450- 001 990006328440403321 005 19980601 035 $a000632844 035 $aFED01000632844 035 $a(Aleph)000632844FED01 035 $a000632844 100 $a19980601d1944----km-y0itay50------ba 105 $a--------00-yy 200 1 $aManuale di scienza delle finanze$fMario De Luca. 210 $aNapoli$cHumus$d1944 215 $a192 p.$d20 cm 225 1 $aManuali di scienze giuridiche ed economiche$v12 676 $a353.04 700 1$aDe Luca,$bMario$072234 801 0$aIT$bUNINA$gRICA$2UNIMARC 901 $aBK 912 $a990006328440403321 952 $aXX 20 (12)$b25343$fFGBC 959 $aFGBC 996 $aManuale di scienza delle finanze$9656514 997 $aUNINA DB $aGIU01 LEADER 01553nas 2200493-a 450 001 996251298503316 005 20230518213020.0 011 $a2056-5666 035 $a(DE-599)ZDB2142103-1 035 $a(OCoLC)60625073 035 $a(CKB)110978966555060 035 $a(CONSER)--2009221005 035 $a(EXLCZ)99110978966555060 100 $a20050614a19739999 s-- a 101 0 $aeng 135 $aur||||||||||| 181 $ctxt$2rdacontent 182 $cc$2rdamedia 183 $acr$2rdacarrier 200 00$aChristianity and literature 210 1$a[University Park, Pa.] :$c[Conference on Christianity and Literature],$d[1973]- 210 21$a[London] :$cSAGE 210 31$aBaltimore, Maryland :$cJohns Hopkins University Press 215 $a1 online resource 300 $aRefereed/Peer-reviewed 311 $a0148-3331 517 1 $aChristianity & literature 531 $aCHRISTIANITY AND LITERATURE 606 $aChristianity and literature$vPeriodicals 606 $aChristianisme et littérature$vPériodiques 606 $aChristianity and literature$2fast$3(OCoLC)fst00859681 608 $aPeriodicals.$2fast 615 0$aChristianity and literature 615 6$aChristianisme et littérature 615 7$aChristianity and literature. 676 $a809 676 $a810/.8/0054 676 $a260 676 $a800 712 02$aConference on Christianity and Literature (U.S.) 906 $aJOURNAL 912 $a996251298503316 996 $aChristianity and literature$92064976 997 $aUNISA